[Event "GER-chT U20 Girls"]
[Site "Kiel"]
[Date "2022.07.26"]
[Round "7.4"]
[White "Tabakh, Najat"]
[Black "Rempe, Mieke"]
[Result "0-1"]
[WhiteElo "1313"]
[BlackElo "1646"]
[PlyCount "50"]
[EventDate "2022.07.22"]
[EventType "team-swiss"]
[EventRounds "7"]
[EventCountry "GER"]
[SourceTitle "CBM 209 Extra"]
[Source "ChessBase"]
[SourceDate "2022.09.30"]
[SourceVersion "1"]
[SourceVersionDate "2022.09.30"]
[SourceQuality "1"]
[WhiteTeam "Bad Oldesloe"]
[BlackTeam "Kiel Doppelbauer"]
[WhiteTeamCountry "GER"]
[BlackTeamCountry "GER"]

1. f4 d5 2. Nf3 Nf6 3. d3 Nc6 4. Nbd2 e6 5. Nb3 Bd6 6. Be3 e5 7. fxe5 Nxe5 8. Qd2 b6 9. 0-0-0 c5 10. Nxe5 Bxe5 11. g3 Ng4 12. Bf4 Qf6 13. Bxe5 Qxe5 14. e4 d4 15. Bg2 a5 16. Qe2 Be6 17. Kb1 b5 18. Nd2 Ne3 19. Rde1 c4 20. Nf3 Qd6 21. Bf1 Nxf1 22. Rhxf1 c3 23. bxc3 dxc3 24. Ng5 Qa3 25. h3 Qb2# 0-1

[Event "GER-chT U20 Girls"]
[Site "Willingen"]
[Date "2021.06.24"]
[Round "1.2"]
[White "Rempe, Mieke"]
[Black "Flach, Helene"]
[Result "0-1"]
[WhiteElo "1669"]
[BlackElo "1749"]
[PlyCount "52"]
[EventDate "2021.06.23"]
[EventType "team-swiss"]
[EventRounds "7"]
[EventCountry "GER"]
[SourceTitle "CBM 203 Extra"]
[Source "ChessBase"]
[SourceDate "2021.09.30"]
[SourceVersion "1"]
[SourceVersionDate "2021.09.30"]
[SourceQuality "1"]
[WhiteTeam "Kiel Doppelbauer"]
[BlackTeam "Langen"]
[WhiteTeamCountry "GER"]
[BlackTeamCountry "GER"]

1. e4 c5 2. Nf3 e6 3. d4 cxd4 4. Nxd4 a6 5. a4 Nf6 6. Bd3 Qc7 7. 0-0 b6 8. Nc3 Bb7 9. Be3 d6 10. f4 Nbd7 11. Nb3 Be7 12. Qf3 0-0 13. Qg3 d5 14. exd5 Nxd5 15. Nxd5 Bxd5 16. Qh3 g6 17. f5 exf5 18. Bh6 Rfd8 19. Bxf5 gxf5 20. Rxf5 Nf8 21. Bxf8 Bxf8 22. Rg5+ Kh8 23. Qg4 f6 24. Rh5 Qxc2 25. Nd4 Bc5 26. Rd1 Rg8 0-1

[Event "GER-chT Christmas U20"]
[Site "Playchess.com INT"]
[Date "2020.12.29"]
[Round "1.3"]
[White "Biastoch, Bennet"]
[Black "Rempe, Mieke"]
[Result "1-0"]
[WhiteElo "2266"]
[BlackElo "1669"]
[PlyCount "45"]
[EventDate "2020.12.29"]
[EventType "team-swiss (blitz)"]
[EventRounds "7"]
[EventCountry "GER"]
[SourceTitle "CBM 200 Extra"]
[Source "ChessBase"]
[SourceDate "2021.03.31"]
[SourceVersion "1"]
[SourceVersionDate "2021.03.31"]
[SourceQuality "1"]
[WhiteTeam "Magdeburg Aufbau Elbe"]
[BlackTeam "Kiel Doppelbauer"]
[WhiteTeamCountry "GER"]
[BlackTeamCountry "GER"]

1. e4 c6 2. d4 d5 3. Nd2 dxe4 4. Nxe4 Nd7 5. Ng5 Ngf6 6. Bd3 e6 7. Qe2 Bd6 8. N1f3 h6 9. Ne4 Nxe4 10. Bxe4 Nf6 11. Bd3 Nd5 12. 0-0 0-0 13. c4 Nf4 14. Bxf4 Bxf4 15. Qe4 Bxh2+ 16. Kxh2 f5 17. Qe5 Rf6 18. Rfe1 b6 19. d5 cxd5 20. cxd5 Qxd5 21. Qxd5 exd5 22. Re8+ Kf7 23. Rae1 1-0

[Event "Davos Summer op"]
[Site "Davos"]
[Date "2020.07.09"]
[Round "1"]
[White "Deuer, Marius"]
[Black "Rempe, Mieke"]
[Result "1-0"]
[WhiteElo "2122"]
[BlackElo "1717"]
[PlyCount "43"]
[EventDate "2020.07.09"]
[EventType "swiss"]
[EventRounds "5"]
[EventCountry "SUI"]
[SourceTitle "CBM 197 Extra"]
[Source "ChessBase"]
[SourceDate "2020.09.30"]
[SourceVersion "1"]
[SourceVersionDate "2020.09.30"]
[SourceQuality "1"]

1. d4 Nf6 2. c4 e6 3. Nc3 Bb4 4. g3 0-0 5. Bg2 d6 6. Nf3 Nbd7 7. 0-0 Bxc3 8. bxc3 Re8 9. Rb1 Nf8 10. Qc2 b6 11. Ne5 d5 12. Bg5 h6 13. Bxf6 Qxf6 14. cxd5 exd5 15. Bxd5 Bf5 16. e4 Bh3 17. Bxf7+ Kh8 18. Bxe8 Rxe8 19. f4 Bxf1 20. Rxf1 h5 21. Qe2 g6 22. f5 1-0

[Event "BL2 West 1920 (Women)"]
[Site "Germany"]
[Date "2020.02.16"]
[Round "7.6"]
[White "Raus, Christina"]
[Black "Rempe, Mieke"]
[Result "1/2-1/2"]
[WhiteElo "1596"]
[BlackElo "1481"]
[PlyCount "75"]
[EventDate "2019.09.14"]
[EventType "team-tourn"]
[EventRounds "7"]
[EventCountry "GER"]
[SourceTitle "EXT 2021"]
[Source "ChessBase"]
[SourceDate "2020.10.23"]
[SourceVersion "1"]
[SourceVersionDate "2020.10.23"]
[SourceQuality "1"]
[WhiteTeam "Steinfurt (W)"]
[BlackTeam "Kiel Doppelbauer (W)"]
[WhiteTeamCountry "GER"]
[BlackTeamCountry "GER"]

1. d4 Nf6 2. c4 e6 3. Nc3 Bb4 4. Bg5 d5 5. e3 Nbd7 6. Nf3 c5 7. Qc2 Qa5 8. Bxf6 Nxf6 9. a3 Bd7 10. Rc1 Bxc3+ 11. Qxc3 Qb6 12. cxd5 cxd4 13. Qxd4 Qa5+ 14. Qd2 Qxd2+ 15. Nxd2 Nxd5 16. Bc4 Nb6 17. Be2 0-0 18. 0-0 Rac8 19. Bf3 Rxc1 20. Rxc1 Rc8 21. Rxc8+ Bxc8 22. b3 Nd7 23. Nc4 b6 24. Bc6 Nc5 25. b4 Nb7 26. a4 Nd8 27. Bf3 Bb7 28. Bxb7 Nxb7 29. Kf1 Kf8 30. Ne5 f6 31. Nc6 a5 32. bxa5 bxa5 33. Nd4 Ke7 34. Nb3 Kd6 35. Ke2 Nc5 36. Nxa5 Nxa4 37. Nb3 Nc5 38. Nxc5 1/2-1/2

[Event "Helsingor Xtracon op"]
[Site "Helsingor"]
[Date "2019.07.27"]
[Round "9"]
[White "Rempe, Mieke"]
[Black "Rendlev, Niels Moller"]
[Result "0-1"]
[WhiteElo "1558"]
[BlackElo "1721"]
[PlyCount "50"]
[EventDate "2019.07.20"]
[EventType "swiss"]
[EventRounds "10"]
[EventCountry "DEN"]
[SourceTitle "CBM 191 Extra"]
[Source "ChessBase"]
[SourceDate "2019.09.30"]
[SourceVersion "1"]
[SourceVersionDate "2019.09.30"]
[SourceQuality "1"]

1. e4 e6 2. d4 d5 3. exd5 exd5 4. Nf3 Nf6 5. Be2 Bd6 6. 0-0 0-0 7. Bg5 h6 8. Bh4 c6 9. Re1 Be6 10. Nbd2 Nbd7 11. Nf1 Qc7 12. b3 Bb4 13. N1d2 Bc3 14. Rc1 Ne4 15. Rf1 Bb2 16. Nxe4 dxe4 17. Bg3 Qc8 18. Nd2 Bxc1 19. Qxc1 f5 20. Bc4 Bxc4 21. Nxc4 Nf6 22. Nd6 Qd7 23. Qa3 Ne8 24. Nxe8 Raxe8 25. Rd1 f4 0-1

[Event "Rhein Main op-B 22nd"]
[Site "Bad Homburg"]
[Date "2019.06.23"]
[Round "7"]
[White "Rempe, Mieke"]
[Black "Ross, Norbert"]
[Result "1/2-1/2"]
[WhiteElo "1469"]
[BlackElo "1653"]
[PlyCount "41"]
[EventDate "2019.06.19"]
[EventType "swiss"]
[EventRounds "7"]
[EventCountry "GER"]
[SourceTitle "EXT 2020"]
[Source "ChessBase"]
[SourceDate "2019.10.17"]
[SourceVersion "1"]
[SourceVersionDate "2019.10.17"]
[SourceQuality "1"]

1. e4 e6 2. d4 d5 3. exd5 exd5 4. Nf3 Nc6 5. Be2 Bd6 6. 0-0 Nge7 7. Nc3 Bg4 8. Re1 0-0 9. Nb5 Re8 10. Bd3 Bf5 11. Bxf5 Nxf5 12. Rxe8+ Qxe8 13. Nxd6 Nxd6 14. Bf4 Qd7 15. Qd3 f6 16. Qb3 Nc4 17. Qxb7 Rb8 18. Qxc7 Qxc7 19. Bxc7 Rxb2 20. h3 Rxc2 21. Bf4 1/2-1/2

[Event "Rhein Main op-B 22nd"]
[Site "Bad Homburg"]
[Date "2019.06.21"]
[Round "4"]
[White "Rempe, Mieke"]
[Black "Weirich, Eric"]
[Result "1/2-1/2"]
[WhiteElo "1469"]
[BlackElo "1721"]
[PlyCount "59"]
[EventDate "2019.06.19"]
[EventType "swiss"]
[EventRounds "7"]
[EventCountry "GER"]
[SourceTitle "EXT 2020"]
[Source "ChessBase"]
[SourceDate "2019.10.17"]
[SourceVersion "1"]
[SourceVersionDate "2019.10.17"]
[SourceQuality "1"]

1. e4 e5 2. Nf3 Nc6 3. Bb5 d6 4. d4 a6 5. Bxc6+ bxc6 6. dxe5 Qe7 7. Qd4 dxe5 8. Nxe5 Bb7 9. Bf4 Qb4+ 10. Qxb4 Bxb4+ 11. c3 Bd6 12. Nd3 0-0-0 13. Bxd6 cxd6 14. 0-0 Nf6 15. e5 Ng4 16. exd6 Rxd6 17. Nc5 Re8 18. Nxb7 Kxb7 19. Na3 Rd2 20. h3 Nf6 21. Rfe1 Ree2 22. Nc4 Rc2 23. Rxe2 Rxe2 24. Nd6+ Kc7 25. Nxf7 Rxb2 26. a4 Ne4 27. f3 Nxc3 28. Ng5 h6 29. Ne6+ Kd6 30. Nxg7 1/2-1/2

[Event "Rhein Main op-B 22nd"]
[Site "Bad Homburg"]
[Date "2019.06.19"]
[Round "1"]
[White "Streit, Juergen"]
[Black "Rempe, Mieke"]
[Result "1/2-1/2"]
[WhiteElo "1873"]
[BlackElo "1469"]
[PlyCount "46"]
[EventDate "2019.06.19"]
[EventType "swiss"]
[EventRounds "7"]
[EventCountry "GER"]
[SourceTitle "EXT 2020"]
[Source "ChessBase"]
[SourceDate "2019.10.17"]
[SourceVersion "1"]
[SourceVersionDate "2019.10.17"]
[SourceQuality "1"]

1. e4 c6 2. Nc3 d5 3. Qf3 dxe4 4. Nxe4 Nd7 5. d4 Ngf6 6. Bc4 e6 7. Ne2 Nxe4 8. Qxe4 Nf6 9. Qf3 c5 10. Bg5 Qa5+ 11. Bd2 Qb6 12. 0-0-0 cxd4 13. Bg5 Qc5 14. Bxf6 gxf6 15. Qxf6 Rg8 16. Qxd4 Qxd4 17. Rxd4 Rxg2 18. Bb5+ Ke7 19. Rhd1 a6 20. Ba4 b5 21. Bb3 Rxf2 22. Ng3 Rxh2 23. Rd8 Bh6+ 1/2-1/2